Statistics for Countries with the Most Grassland

Click here to take the quiz!

General Stats

  • This quiz has been taken 63,419 times
    (17,476 since last reset)
  • The average score is 17 of 20

Answer Stats

km2continentcountry% Correct
2.88 milAsiaChina
99%
2.01 milAmericasUnited States
99%
1.60 milAmericasCanada
98%
1.61 milEurope?Russia
98%
1.41 mil
Oceania
Australia
97%
0.695 milAmericasBrazil
96%
0.181 milAmericasMexico
94%
0.252 milAsiaIndia
92%
0.343 milAsiaMongolia
92%
0.243 milAfricaSouth Africa
90%
0.881 milAsiaKazakhstan
88%
0.169 milAmericasColombia
85%
0.165 milAmericasPeru
84%
0.181 milAmericasVenezuela
81%
0.191 milAsiaPakistan
79%
0.171 milAfricaAngola
70%
0.396 milAfricaNamibia
69%
0.242 milAfricaSudan
64%
0.247 milAsiaAfghanistan
59%
0.218 milAfricaMadagascar
56%

Score Distribution

Percentile by Number Answered

Percent of People with Each Score

Your Score History

You have not taken this quiz since the last reset